00378nam a2200169Ia 4500003000400000005001700004008004100021040000700062041000800069082001900077100001000096245004300106260001600149365001300165650001500178650001500193OSt20230529162520.0210423s1971 xx 000 0 und d cAL aeng a150 223bIGNB aIGNOU aBasic of psychology for social workers bIgnouc1971 b114cINR aPhilosophy aPsychology